header

Children and youth in crisis (Record no. 87948)

MARC details
000 -LEADER
fixed length control field 01720nam a2200409 a 4500
082 04 - DEWEY DECIMAL CLASSIFICATION NUMBER
Classification number 362.7
245 00 - TITLE STATEMENT
Title Children and youth in crisis
260 ## - PUBLICATION, DISTRIBUTION, ETC. (IMPRINT)
Place of publication Washington D.C. :
Name of publisher World Bank,
Year of publication 2012.
300 ## - PHYSICAL DESCRIPTION
Number of Pages xxi, 292 p. :
Other physical details ill.
490 1# - SERIES STATEMENT
Series statement Directions in development
505 0# - FORMATTED CONTENTS NOTE
Formatted contents note pt. 1. Introduction and framing -- pt. 2. The empirical evidence of the impact of economic crises on children and youth -- pt. 3. Policy.
650 #0 - SUBJECT ADDED ENTRY--TOPICAL TERM
Topical Term Child welfare
Topical Term Children
Topical Term Youth
Topical Term Financial crises
Topical Term Business cycles
700 1# - ADDED ENTRY--PERSONAL NAME
Personal name Lundberg, Mattias.
Personal name Weurmli, Alice.
856 40 - ELECTRONIC LOCATION AND ACCESS
Uniform Resource Identifier http://site.ebrary.com/lib/rucke/Doc?id=10576335

No items available.

© 2026 Rongo University
Contact us: librarian | system librarian | Rongo university